Random African Countries Hidden on the Map - Statistics

General Stats
  • This quiz has been taken 10,253 times
  • The average score is 7 of 10
Answers on the Map
Answers color-coded by a green-red scale on the quiz's map according to % correct below.
 
Answer Stats
Country % Correct
D. R. Congo
90%
Sudan
88%
Algeria
87%
Chad
87%
Niger
86%
Egypt
84%
Nigeria
84%
Rep. of the Congo
84%
Mali
83%
South Africa
83%
Ethiopia
81%
Angola
80%
Libya
80%
Namibia
80%
Ghana
79%
South Sudan
79%
Zambia
79%
Gabon
78%
Kenya
78%
Morocco
78%
Somalia
78%
Togo
78%
Benin
77%
Central African Republic
77%
Cameroon
76%
Tanzania
76%
Mozambique
75%
Eritrea
73%
Malawi
73%
Mauritania
73%
Rwanda
73%
São Tomé and Príncipe
73%
Botswana
71%
Equatorial Guinea
71%
Guinea
71%
Ivory Coast
71%
Uganda
71%
Zimbabwe
70%
Senegal
69%
Burkina Faso
68%
Burundi
66%
Liberia
66%
Gambia
63%
Comoros
60%
Djibouti
60%
Madagascar
60%
Sierra Leone
59%
Tunisia
58%
Guinea-Bissau
57%
Eswatini
54%
Lesotho
53%
Cape Verde
34%
Seychelles
31%
Mauritius
25%
No matching quizzes found
Score Distribution
Percent of People with Each Score
Percentile by Number Answered
Your Score History
You have not taken this quiz